000 00672nam a2200205Ii 4500
003 JO-AjNU
008 230605s9999||||xx |||||||||||||| ||und||
017 _a2017/11
040 _aJO-AjNU
_bara
_erda
_cJO-AjNU
041 _aara
050 1 4 _aTK5105.59 2018
100 3 _aتاليف الصلاح، يحيى زكريا عبد اللطيف,
_eauthor
_962369
245 0 0 _aأمن الشيكات =Network security
264 3 1 _aعمان: المؤلف، 2018
300 _a163ص
336 _atext
_btxt
_2rdacontent
337 _aunmediated
_bn
_2rdamedia
338 _avolume
_bnc
_2rdacarrier
650 4 _aامن الشبكات-القؤصنة- الانترنت
_962370
999 _aA28239
_c31807
_d31807